000 00843nam a2200277Ia 4500
001 Para_4433
003 CHAP
008 220125s1950 xx 000 0 und d
010 _a202934
040 _cCHAP
090 _aPA FOLLETO 1679
100 _aStickney, Fenner S
_9109792
245 _aDate palm insects in the United States /
_c Fenner S. Stickney, Dwight F. Barner, and Pérez Simmons
260 _aWashington :
_b Department of Agriculture
300 _a57 p.
440 _aEUA. Dept. of Agriculture Circular; 846
_9168446
650 _aPalma datilera
_x Plagas
_984945
700 _aBarner, Dwight F. Simmons, Pérez
_9168447
901 _aPA FOLLETO 1679
902 _aA
905 _a0000001950 WAS 0000000000 00
910 _a1950
942 _cPARA
942 _cPARA
_d1
999 _c202934
_d202934